| 000 | 00440nab a2200145Ia 4500 | ||
|---|---|---|---|
| 003 | ES-SlBCS | ||
| 005 | 20210601151031.0 | ||
| 008 | 140529s2012 xxu||||| |||| 00| 0 spa d | ||
| 041 | _aspa | ||
| 100 | 1 |
_aPablos, Juan de _985555 |
|
| 245 | 0 | 0 |
_aEl nombramiento de dos nuevos Doctores de la Iglesia _c Juan de Pablos |
| 650 | 0 | 4 |
_aDoctor de la Iglesia _9192870 |
| 773 | 0 |
_tPhase _gvol. 52, nº. 312, 2012, págs. 609-612 _wRev324 |
|
| 942 | _cAR | ||
| 999 |
_c750734 _d750734 |
||